| 000 | 01005cam a2200193 i 4500 | ||
|---|---|---|---|
| 005 | 20251201114706.0 | ||
| 008 | 250721s1988 le gr 000 0 ara d | ||
| 082 | 1 | 4 |
_a213.1 _bق ي م |
| 100 | 1 |
_aابن قيم الجوزية، شمس الدين محمد بن أبي بكر _eمؤلف. |
|
| 245 | 1 | 2 |
_aالمنار المنيف في الصحيح والضعيف، _bويليه، المدخل في اصول الحديث للامام الحاكم النيسابوري / _cتأليف الامام شمس الدين محمد بن ابي بكر بن قيم الجوزيه ، الحاكم النيسابوري ؛ حققه وضبطه احمد عبد الشافي . |
| 264 | 3 | 1 |
_aبيروت : _bدار الكتب العلمية، _c1988. |
| 300 | _a176 صفحه. | ||
| 650 | 1 | 7 | _aعلوم الحديث. |
| 650 | 1 | 7 | _aعلم المصطلح. |
| 700 | 1 |
_aالنيسابوري، الحاكم _eمؤلف. |
|
| 700 | 1 |
_aعبد الشافي، احمد _eمحقق. |
|
| 942 |
_2ddc _cBK |
||
| 999 |
_c92787 _d92787 |
||